| 000 | 00522nam a2200181Ia 4500 | ||
|---|---|---|---|
| 008 | 151018s9999 xx 000 0 und d | ||
| 082 |
_bRBASDV28753 _a891.463 |
||
| 100 | _aद स काकडे | ||
| 245 | _aचंदन | ||
| 250 | _b1 | ||
| 260 |
_bबांदोडकर पब्लिशिंग कंपनी मुंबई _c1985 |
||
| 300 | _a245 | ||
| 600 | _aद स काकडे | ||
| 630 | _aचंदन | ||
| 700 | _aद स काकडे | ||
| 730 | _aचंदन | ||
| 942 | _cBOOK | ||
| 999 |
_c1028323 _d1028320 |
||